1317 1402 1293 1574 1453 1304 1090 1558 1082 1913 1088 1891 1827 1326 1329 1159 1991 1703 1600 1070 1568 1750 1176 1240 1977 1536 1294 1256 1736 1455 1793 1712 1175 1067 1692 1828 1513 1918 1886 1948 1310 1928 1909 1726 1765 1709 1794 1340 1836 1745 1546 1787 1150 1748 1862 1899 1178 1777 1009 1731 1683 1331 1860 1446 1080 1222 1763 1685 1714 1950 1127 1748 1674 1392 1027 1457 1562 1186 1461 1117 1823 1166 1349 1498 1284 1639 1295 1718 1912 1653 1233 1649 1898 1216 1467 1900 1674 1875 1918 BCNSPRNW ULIB Ver.6.0+V

เปลี่ยนเป็นภาษาไทย

Change to English
 แสดงรายละเอียดบรรณานุกรม
  กลับหน้าหลัก

Brief Record : Get Marc (ISO 2709) : E-mail record : QR code < ปิดหน้าต่าง
LEADER : 00000nam 2200000uu 4500
001    13399121506
003     ULIB
008    121122s2554||||th 000 0 tha d
099    วจ.WS103^bศ486ก
100 0  ศิริวรรณ ใบตระกูล และวลัยลักษณ์ ขันทา
245 00 การพัฒนาแบบประเมินพัฒนาการเด็ก JP=^n Developing the JP child development assessment tools^cศิริวรรณ ใบตระกูล และวลัยลักษณ์ ขันทา
246 0  Developing the JP child development assessment tools
260    ลำปาง:^bวิทยาลัยพยาบาลบรมราชชนนี นครลำปาง,^c2554
300    48 แผ่น
650  4 พัฒนาการเด็ก^xวิจัย
650  7 JP child development assessment tools^xวิจัย
650  7 แบบประเมินพัฒนาการเด็ก JP
700 0  วลัยลักษณ์ ขันทา
945    ^p0^l0^i033127
995    เกษร
999    ^aใช้งานได้ทุกระบบ
รายการนี้ยังไม่มีแท็ก
คุณยังไม่ได้ล็อกอิน คุณสามารถมีกิจกรรมร่วมกับเว็บไซต์ได้ แต่ต้องล็อกอินก่อน ::
  ล็อกอิน

รายการสื่อสารสนเทศ

ลำดับที่ ประเภท เลขเรียก/บาร์โค้ด สถานที่ สถานะ
1. งานวิจัย
งานวิจัย
วจ.WS103 ศ486ก  
  Barcode: 033127
ห้องสมุดวิทยาเขตสวรรค์ประชารักษ์
►วิจัย
บนชั้น

BibComment


ยังไม่เคยถูกคอมเมนท์

คอมเมนท์ทรัพยากรรายการนี้
  คอมเมนท์: การพัฒนาแบบประเมิ..


 Copyright 2026. Bcnsprnw @Library